000 00432nam a2200169Ia 4500
008 231217s9999 xx 000 0 und d
020 _a8178811022
041 _aEnglish
082 _a658.5 MUK;1 R
100 _aMukund, A ed.
245 0 _aOperations management V.1
260 _c2003
_bICFAI Press
_aHyderabad
300 _av, 163+A10
400 _aCase study series
650 _aOperations,management,V.1
942 _cAA
999 _c190892
_d190892